00721cam a22002057a 4500001001000000003000500010005001700015008004100032010001000073011001000083035001000093040000900103110005400112245010900166260008200275300001000357650003700367650004500404710006600449000088092CHAP20220817043806.0010903d1998 mx r 00110 spa d a84565 a85537 a96070 cCHAP2 aUACH. Departamento de Ingeniería Agroindustrial10aSeminarios de investigación 1998 :bmemorias /cpor UACH. Departamento de Ingeniería Agroindustrial. aChapingo, Méx. :bUACH. Departamento de Ingeniería Agroindustrial,c1998. a20 p.14aAlimentosxIndustriaxCongresos.14aIndustrias agrícolasxInvestigación.0 aUACH. Programa Universitario de Investigación en Alimentos.